00690cam a22002291 4500001001300000003000400013005001700017008004100034010001700075035002000092040002100112042001200133050001500145130004300160245009100203260003300294300002900327630004100356700002500397752002100422999001700443he 65001070 DLC20260227111432.0841205s1964 is 000 0 heb  ahe 65001070  a(OCoLC)19194222 aDLCcMHdCUdDLC apremarc00aBS715 19640 aBible.pOld Testament.lHebrew.f1964.10aTorah, Neviʼim Ketuvim meforashim /c[et ha-perush katav: Shelomoh Zalman Ariʼel...] a[Tel Aviv] :bʻAdi,c[1964] a2 v. (1359 p.) ;c19 cm.00aBible.pOld TestamentxCommentaries.1 aAriel, S. Z.,d1895- aIsraeldTel Aviv c31243d31243